On This Day: May 13th II Quiz Stats

 Plays Quiz Updated May 13, 2018

Score 0/7 Timer 03:00
0 Plays Today
Question Answer Wrong Answers
A group of French military officers lead a coup in Algiers during the Algerian War of Independence, ultimately leading to this man’s return to power in France.
1958
Charles de Gaulle
88.7%
Jacques Chirac
6.3%
Raymond Poincaré
2.3%
Vincent Auriol
1.5%
Though fighting had already begun, the United States formally declares war on this country.
1846
Mexico
80.6%
Japan
3.2%
Spain
15.5%
Austria
0.5%
In Menlo Park, New Jersey, ______ performs the first test of his electric railway.
1880
Thomas Edison
77.4%
Nikola Tesla
14.3%
Michael Faraday
5%
Alexander Graham Bell
2.5%
Li Hongzhi gives his first public lecture on this popular modern Chinese spiritual practice, which is now outlawed in China.
1992
Falun Gong
62%
Bahá'í Faith
19%
Kabbalah
12%
Rastafari
5.1%
______ of the United Kingdom issues a ‘proclamation of neutrality’, which recognizes the Confederate states as having belligerent rights.
1861
Queen Victoria
59.9%
King William IV
4.3%
King Edward VII
8.9%
King George IV
26.4%
Ecuador separates from Gran ______ to become an independent country.
1830
Colombia
59.6%
Bolivia
16.9%
Venezuela
7.8%
Panama
15.6%
This American comedian and late night talk show host, who gained fame as a correspondent on Comedy Central's ‘The Daily Show’, is born.
1964
Stephen Colbert
46.3%
Jon Stewart
39.8%
Jimmy Fallon
10.2%
James Corden
2.2%

You're not logged in!

Compare scores with friends on all Sporcle quizzes.
OR
Log In

Sporcle TV

Today on Sporcle TV


Watch our educational content, quiz creation guides, and fun videos on Sporcle TV.

Show Comments

Extras

Top Quizzes Today


Score Distribution

Your Account Isn't Verified!

In order to create a playlist on Sporcle, you need to verify the email address you used during registration. Go to your Sporcle Settings to finish the process.

Report this User

Report this user for behavior that violates our Community Guidelines.

Details: